| 000 | 00627cam a2200229 4500500 | ||
|---|---|---|---|
| 005 | 20260329001232.0 | ||
| 041 | _afre | ||
| 042 | _adc | ||
| 100 | 1 | 0 |
_aNassif, Philippe _eauthor |
| 245 | 0 | 0 | _aLe travail manuel contre le burn-out ? |
| 260 | _c2022. | ||
| 500 | _a60 | ||
| 690 | _aBurn-out | ||
| 690 | _aSens | ||
| 690 | _aSouffrance au travail | ||
| 690 | _aStress | ||
| 690 | _aTravail | ||
| 690 | _aValeurs | ||
| 690 | _aWork-life balance | ||
| 786 | 0 | _nPhilonomist | - | 1 | 2022-11-15 | p. 22-31 | |
| 856 | 4 | 1 | _uhttps://shs.cairn.info/magazine-philonomist-2022-1-page-22?lang=fr&redirect-ssocas=7080 |
| 999 |
_c1803336 _d1803336 |
||